000 00372nam a22001697a 4500
003 CEME
005 20210628203032.0
008 210128b xxu||||| |||| 00| 0 eng d
020 _a9789690010803
040 _c.
082 _a910.4 MUM
100 _aMumtaz Mufti
_9370
245 _aHindiya ytra
260 _aLAHORE
_bPDF
_c2007
300 _a329P
942 _cBK
_2ddc
999 _c571916
_d571916